Mineral economics of Africa (Record no. 77668)
[ view plain ]
| 000 -LEADER | |
|---|---|
| fixed length control field | 00865nam a2200217 a 4500 |
| 008 - FIXED-LENGTH DATA ELEMENTS--GENERAL INFORMATION | |
| fixed length control field | 060316s1987 ||||||||||||||||| || u |
| 020 ## - INTERNATIONAL STANDARD BOOK NUMBER | |
| International Standard Book Number | 0444427953 |
| 050 ## - LIBRARY OF CONGRESS CALL NUMBER | |
| Classification number | TN 115 Dek |
| 100 ## - MAIN ENTRY--PERSONAL NAME | |
| Personal name | De Kun, Nicolas, 1923- |
| 245 10 - TITLE STATEMENT | |
| Title | Mineral economics of Africa |
| 260 ## - PUBLICATION, DISTRIBUTION, ETC. | |
| Place of publication, distribution, etc. | Amsterdam |
| Name of publisher, distributor, etc. | Elsevier Pub |
| Date of publication, distribution, etc. | 1987 |
| 300 ## - PHYSICAL DESCRIPTION | |
| Extent | 345 p. : ill. |
| 350 ## - | |
| -- | 0.00 |
| 490 ## - | |
| -- | Developments in economic geology |
| 490 ## - | |
| -- | 22 |
| 650 ## - SUBJECT ADDED ENTRY--TOPICAL TERM | |
| Topical term or geographic name entry element | MINES AND MINERAL RESOURCES--AFRICA |
| 650 ## - SUBJECT ADDED ENTRY--TOPICAL TERM | |
| Topical term or geographic name entry element | MINERAL INDUSTRIES - AFRICA |
| 650 ## - SUBJECT ADDED ENTRY--TOPICAL TERM | |
| Topical term or geographic name entry element | NATURAL RESOURCES--AFRICA |
| 995 ## - | |
| -- | MAIN LIBRARY OPEN ACCESS |
| -- | 0.00 |
| -- | 721551 |
| -- | CBU-MAIN LIBRARY (Kitwe) |
| -- | 1 |
| -- | 92.25 |
| -- | TN 115 Dek |
| -- | AVAILABLE |
| -- | 015793 |
| -- | Main Library Open Access Collection |
| 995 ## - | |
| -- | ANNEX COLLECTION (Main Library) |
| -- | 0.00 |
| -- | 015792 |
| -- | CBU-MAIN LIBRARY (Kitwe) |
| -- | 2 |
| -- | 92.25 |
| -- | TN 115 Dek |
| -- | AVAILABLE |
| -- | 015792 |
| -- | Annex Low-Usage Collection |
| 999 ## - | |
| -- | 77668 |
| -- | 77668 |
| Withdrawn status | Lost status | Source of classification or shelving scheme | Damaged status | Not for loan | Permanent Location | Current Location | Shelving location | Date acquired | Total Checkouts | Full call number | Barcode | Date last seen | Date last checked out | Copy number | Price effective from | Koha item type |
|---|---|---|---|---|---|---|---|---|---|---|---|---|---|---|---|---|
| CBU-MAIN LIBRARY, KITWE. | CBU-MAIN LIBRARY, KITWE. | 05/03/2023 | 1 | TN 115 Dek | 015793 | 02/19/2026 | 02/04/2026 | 1 | 05/03/2023 | MONOGRAPH | ||||||
| CBU-MAIN LIBRARY, KITWE. | CBU-MAIN LIBRARY, KITWE. | 05/03/2023 | TN 115 Dek | 015792 | 05/03/2023 | 2 | 05/03/2023 | MONOGRAPH |